| 000 | 00967nam0a2200277 4500 | ||
|---|---|---|---|
| 001 | RU\NLR\BIBL_A\010398224 | ||
| 005 | 20250810065828.0 | ||
| 035 | _a(NLR Aleph) 010398224 | ||
| 090 |
_a9697804 _c9697804 |
||
| 100 | _a20140610d1945 u y0rusy50 ca | ||
| 101 | 0 | _asah | |
| 102 | _aRU | ||
| 105 | _ay|||||||||||| | ||
| 200 | 1 |
_aБастыҥнар үѳрүйэхтэрин - бары колхозтарга _fСаха АССР Наркомзема |
|
| 210 |
_aЯкутскай _cСАССР Госиздата _d1945 |
||
| 215 |
_a37,[2] с _d15 |
||
| 300 | _aБез тит. л. Описано по обл. | ||
| 541 | 1 |
_aОпыт передовиков - всем колхозам _zrus |
|
| 686 | 1 | _aУ9(2)321.81 | |
| 852 |
_aNLR _bОНЛ _jЯкут./1-104 |
||
| 852 |
_aNLR _bОНЛ _jЯкут./1-104 |
||
| 942 | _cBOOK | ||
| 945 | _aРоссийская национальная библиотека | ||
| 980 | _aNB | ||
| 980 | _aBV | ||